| 000 | 00751nam a22001815i 4500 | ||
|---|---|---|---|
| 001 | 160860 | ||
| 003 | ES-MaACL | ||
| 005 | 20230906212136.0 | ||
| 008 | 960924s1863 fr |||| | fre d | ||
| 040 |
_aEUS _bspa _cEUS |
||
| 100 | 1 |
_aObry, Jean Baptiste François. _9130586 |
|
| 245 | 1 | 3 |
_aDu Nirvana bouddhique _b: en réponse a M. Barthélemy Saint-Hilaire / _cpar J.B.F. Obry, membre de l'Académie d'Amiens ; (mémoire lu á cette Académie, dans ses séances des 14 et 28 mars 1863). |
| 260 |
_aParis : _bLibraire d'Auguste Durand..., _c1863 ( _eAmiens : _fImprimerie de E. Yvert) |
||
| 300 |
_a240 p ; _c21 cm. |
||
| 597 | _aSignaturizado. | ||
| 700 | 0 |
_aBarthelemy Saint-Hilaire, Jules. _926123 |
|
| 852 |
_aES-MaACL _jG-12553 _z-- Enc. hol. |
||
| 999 |
_c160860 _d160860 |
||